LEADER 01474nam a2200229 i 4500 001 000000017799 003 CaOOAMICUS 005 20180830125443.0 008 180830n it u000 u ita u 040 $aSeMil$bita 100 0 $aDemosthenes,$d<384-322 a.C.>.$0(OLS)http://semarc/name/593 245 10$aDemosthenis orationes /$cRecognovit brevique adnotatione critica instruxit S. H. Butcher. 260 $aOxonii :$bE Typographeo Clarendoniano,$c[195-?]- 300 $av. ;$c19 cm. 700 1 $aButcher, S. H.$0(OLS)http://semarc/name/8091 773 0 $tScriptorum classicorum bibliotheca Oxoniensis.$dOxonii : E Typographeo Clarendoniano, [1900]?.$w()17535 774 0 $aDemosthenes <384-322 a.C.>$tTomus 1.$dOxonii : E Typographeo Clarendoniano, 1978.$kScriptorum classicorum bibliotheca Oxoniensis$z0-19-814518-7$g1$w()157928 774 0 $aDemosthenes <384-322 a.C.>$tTomus 2..$dOxonii : E Typographeo Clarendoniano, 1955.$kScriptorum classicorum bibliotheca Oxoniensis$g2$w()161303 774 0 $aDemosthenes <384-322 a.C.>$tTomus 2..$dOxonii : E Typographeo Clarendoniano, 1974.$kScriptorum classicorum bibliotheca Oxoniensis$g2$w()161304 774 0 $aDemosthenes <384-322 a.C.>$tTomus 3..$dOxonii : E Typographeo Clarendoniano, 1978.$kScriptorum classicorum bibliotheca Oxoniensis$z0-19-814521-7$g3$w()161305 996 $6245$aDemosthenis orationes$9(OLS)http://semarc/title/23515 996 $6260$aOxonii :$bE Typographeo Clarendoniano$9(OLS)http://semarc/publisher/30099 LEADER 01205nam a2200277 i 4500 001 000000056000 003 CaOOAMICUS 005 20150312000000.0 008 150312s1971 it u000 u ita u 013 $a27172 040 $aSeMil$bita 100 1 $aCassirer, Ernst,$d<1874-1945>.$0(OLS)http://semarc/name/8941 240 14$aThe myth of the state.$0(OLS)http://semarc/title/86970 245 13$aIl mito dello Stato /$cdi Ernst Cassirer ; Traduzione di Camillo Pellizzi ; Premessa di Charles W. Hendel. 260 $aMilano :$bLonganesi & C.,$c1971. 300 $a513 p. ;$c19 cm. 490 0 $aLa buona società ;$v13 650 4$aStato - Concezione.$0(OLS)http://semarc/subject/57287 700 1 $aHendel, Charles W.$0(OLS)http://semarc/name/28229 700 1 $aPellizzi, Camillo,$d<1896-1979>.$0(OLS)http://semarc/name/5549 830 3$aLa buona società ;$v13.$0(OLS)http://semarc/title/7215 850 $aSeMil 852 $aSeMil$W1$xVenegono$y1$m3N II 401$j22154$B22154$CSeMilBibl$Z2$F22156 $81 961 $aOmaggio: Poma mons. Gianfranco 996 $6245$aIl mito dello Stato$9(OLS)http://semarc/title/86969 996 $6260$aMilano :$bLonganesi & C.$9(OLS)http://semarc/publisher/31590